000 00266nam a22001097a 4500
008 170124b xxu||||| |||| 00| 0 eng d
020 _a9780803620452
041 _aeng
080 _23RD
_a618.2
245 _aTHE NEW LEADERSHIP CHALLENGE
_cVALIGA, TH.M
942 _2udc
_cBK
999 _c3553
_d3553